| 000 | 00429nam a2200181Ia 4500 | ||
|---|---|---|---|
| 001 | 9077 | ||
| 005 | 20260306160657.0 | ||
| 008 | 260306t2008||||xx |||||||||||||| ||spa|| | ||
| 041 | _aESP | ||
| 082 |
_a372.5 _bS66 |
||
| 100 |
_aNarvarte, Mariana E. _eAUT |
||
| 245 | 0 | _aSoluciones pedagógicas en el aula | |
| 260 | _c2008 | ||
| 300 |
_a907 páginas : _c28 cm. |
||
| 650 | _aGEN | ||
| 654 | _aCED | ||
| 942 |
_cLIB _dJUS _fJUS _2ddc _n |
||
| 999 |
_c9077 _d9077 |
||